00428nam a2200169Ia 450000500170000000800460001703700120006304000200007504100130009508400220010810000170013024500460014726000090019330000120020236500120021470000320022620250508163648.0008 250505s9999 xx 000 0 eng d aTextual aFEDLbengcFEDL aeng2eng a371.76, HOPqFEDL aHopper Chris 0aHealth-related fitness for grades 3 and 4 c1997 ax,125p. aUSDb16 a Fisher Bruce Munoz Kathy D